Villes de France de 6 lettres - Statistiques

Statistiques générales
  • Ce quiz a été pris 192 fois
  • Le résultat moyen est 20 sur 61
Statistiques - réponses
Population Département Ville % Correct
323 000 44 Nantes
94%
225 000 35 Rennes
86%
180 000 83 Toulon
84%
160 000 49 Angers
78%
73 000 06 Cannes
74%
130 000 80 Amiens
72%
49 000 2B Bastia
71%
130 000 74 Annecy
68%
63 000 10 Troyes
60%
54 000 56 Vannes
60%
68 000 68 Colmar
58%
67 000 62 Calais
56%
47 000 27 Évreux
49%
55 000 83 Hyères
48%
30 000 06 Menton
48%
33 000 58 Nevers
46%
44 000 65 Tarbes
44%
54 000 49 Cholet
41%
57 000 83 Fréjus
41%
67 000 33 Pessac
41%
32 000 88 Épinal
40%
48 000 06 Grasse
36%
45 000 13 Istres
34%
29 000 84 Orange
34%
20 000 21 Beaune
33%
20 000 46 Cahors
32%
31 000 38 Vienne
31%
28 000 76 Dieppe
30%
71 000 93 Drancy
29%
22 000 12 Millau
29%
26 000 49 Saumur
29%
65 000 92 Clichy
28%
35 000 42 Roanne
28%
60 000 93 Pantin
25%
41 000 64 Anglet
24%
63 000 92 Antony
24%
40 000 78 Poissy
21%
31 000 33 Bègles
19%
46 000 92 Meudon
19%
52 000 93 Sevran
18%
25 000 973 Kourou
14%
28 000 92 Vanves
14%
25 000 27 Vernon
14%
21 000 38 Voiron
14%
23 000 45 Olivet
13%
30 000 62 Liévin
12%
21 000 69 Givors
11%
40 000 93 Stains
11%
31 000 94 Cachan
9%
30 000 78 Chatou
9%
27 000 91 Grigny
9%
23 000 92 Sèvres
9%
26 000 44 Vertou
9%
32 000 95 Bezons
8%
29 000 95 Ermont
8%
20 000 33 Bruges
6%
31 000 94 Thiais
6%
21 000 59 Denain
5%
20 000 92 Sceaux
5%
29 000 94 Yerres
4%
25 000 91 Brunoy
2%
Aucun quiz correspondant
Distribution des résultats
% des personnes avec chaque résultat
Percentile par nombre de réponses
Votre historique - résultats
Vous n’avez pas pris ce quiz